রণেশ দাশগুপ্ত রচনাবলি / (Record no. 39849)
[ view plain ]
| 000 -LEADER | |
|---|---|
| fixed length control field | 01240nam a22002777a 4500 |
| 001 - CONTROL NUMBER | |
| control field | 39849 |
| 003 - CONTROL NUMBER IDENTIFIER | |
| rucl marc code | BD-RjUL |
| 005 - DATE AND TIME OF LATEST TRANSACTION | |
| control field | 20211209053055.0 |
| 008 - FIXED-LENGTH DATA ELEMENTS--GENERAL INFORMATION | |
| fixed length control field | 160419m20142012bg a|||| |||| 00| 0 ben d |
| 020 ## - INTERNATIONAL STANDARD BOOK NUMBER | |
| International Standard Book Number | 9840750097 (V-1) |
| Terms of availability | : Tk. 325.00 |
| International Standard Book Number | 9840752507 (V-2) |
| Terms of availability | : Tk. 325.00 |
| 035 ## - SYSTEM CONTROL NUMBER | |
| System control number | (BD-RjUL)39963 |
| 040 ## - CATALOGING SOURCE | |
| Original cataloging agency | BD-RjUL |
| Language of cataloging | ben |
| Transcribing agency | BD-RjUL |
| 041 ## - LANGUAGE CODE | |
| Language code of text/sound track or separate title | ben |
| 082 ## - DEWEY DECIMAL CLASSIFICATION NUMBER | |
| Edition number | 23 |
| Classification number | 891.4408 |
| Author mark and year | DAR 2012-2014 |
| 100 ## - MAIN ENTRY--PERSONAL NAME | |
| Personal name | দাশগুপ্ত, রণেশ |
| 9 (RLIN) | 119541 |
| 245 10 - TITLE STATEMENT | |
| Title | রণেশ দাশগুপ্ত রচনাবলি / |
| Statement of responsibility, etc. | রণেশ দাশগুপ্ত ; সম্পাদনা সৌমিত্র শেখর |
| 246 ## - VARYING FORM OF TITLE | |
| Title proper/short title | রণেশ দাশগুপ্ত রচনাসমগ্র (২য় খণ্ড) |
| 260 ## - PUBLICATION, DISTRIBUTION, ETC. (IMPRINT) | |
| Place of publication, distribution, etc. | ঢাকা : |
| Name of publisher, distributor, etc. | বাংলা একাডেমী, |
| Date of publication, distribution, etc. | ২০১২-২০১৪ |
| 300 ## - PHYSICAL DESCRIPTION | |
| Pagination | ২ খণ্ড : |
| Illustrations | চিত্র ; |
| Size | ২২ সেমি. |
| 505 ## - FORMATTED CONTENTS NOTE | |
| Formatted contents note | খণ্ড -- ১ -- খণ্ড -- ২ |
| 650 ## - SUBJECT ADDED ENTRY--TOPICAL TERM | |
| Topical term or geographic name as entry element | বাংলা সাহিত্য |
| 9 (RLIN) | 122769 |
| Form subdivision | রচনাবলি |
| Topical term or geographic name as entry element | Bengali Literature |
| 9 (RLIN) | 122770 |
| Form subdivision | Collected Works |
| 700 ## - ADDED ENTRY--PERSONAL NAME | |
| Personal name | শেখর, সৌমিত্র, সম্পাদক |
| 942 ## - ADDED ENTRY ELEMENTS (KOHA) | |
| Source of classification or shelving scheme | Dewey Decimal Classification |
| Koha item type | Books |
| Lost status | Source of classification or shelving scheme | Damaged status | Not for loan | Collection code | Permanent Location | Current Location | Shelving location | Date acquired | Source of acquisition | Cost, normal purchase price | Total Checkouts | Full call number | Date last seen | Copy number | Koha item type | Date checked out |
|---|---|---|---|---|---|---|---|---|---|---|---|---|---|---|---|---|
| Dewey Decimal Classification | Not For Loan | Fiction | Central Library, University of Rajshahi | Central Library, University of Rajshahi | Reading Room | 16/04/2016 | Biddasagor, Rajshahi | 325.00 | B 891.4408 DAR V-1 2012 | 19/04/2016 | C-1 | Books | ||||
| Dewey Decimal Classification | Fiction | Central Library, University of Rajshahi | Central Library, University of Rajshahi | 16/04/2016 | Biddasagor, Rajshahi | 325.00 | 3 | B 891.4408 DAR V-1 2012 | 13/07/2025 | C-2 | Books | 09/07/2025 | ||||
| Dewey Decimal Classification | Fiction | Central Library, University of Rajshahi | Central Library, University of Rajshahi | 16/04/2016 | Biddasagor, Rajshahi | 325.00 | 1 | B 891.4408 DAR V-1 2012 | 29/05/2016 | C-3 | Books | 16/05/2016 | ||||
| Dewey Decimal Classification | Non-fiction | Central Library, University of Rajshahi | Central Library, University of Rajshahi | 16/04/2016 | Rajshahi Biddasagor | 300.00 | B 891.4408 DAR V-2 2014 | 19/04/2016 | C-1 | Books | ||||||
| Dewey Decimal Classification | Non-fiction | Central Library, University of Rajshahi | Central Library, University of Rajshahi | 16/04/2016 | Rajshahi Biddasagor | 300.00 | B 891.4408 DAR V-2 2014 | 19/04/2016 | C-2 | Books | ||||||
| Dewey Decimal Classification | Non-fiction | Central Library, University of Rajshahi | Central Library, University of Rajshahi | 16/04/2016 | Rajshahi Biddasagor | 300.00 | 1 | B 891.4408 DAR V-2 2014 | 02/08/2022 | C-3 | Books | 31/07/2022 |